Tampere-visa - Statistics

Yleistilastot
  • Tätä visaa on pelattu 800 kertaa
  • Keskiarvotulos 13 / 16
Vastaustilastot
Vihje Vastaus % Oikein
Maakunta, johon kaupunki kuuluu Pirkanmaa
99%
Järvet, joiden varrella kaupunki sijaitsee Näsijärvi
98%
Perinteinen ruoka, jonka pääraaka-aine on veri {Musta}makkara
95%
Vuonna 1975 avattu huvipuisto Särkänniemi
95%
Kaupungin ruotsinkielinen nimi Tammerfors
95%
Suomen mestaruuden 20 kertaa voittanut jääkiekkojoukkue Tappara
93%
Suomen korkein rakennus Näsinneula
91%
Kaupungin lempinimi, joka juontaa nimityksestä "pohjoisen Manchester" Manse
86%
Yksi Suomen tunnetuimmista lähiöistä, jossa muun muassa Tampereen yliopiston kampus sijaitsee Hervanta
80%
Vuonna 1991 debytoinut tamperelainen sketsisarja Kummeli
77%
Tampereen ukrainalainen ystävyyskaupunki Kiova
76%
Tampereella asunut Tuntematon sotilas -romaanin kirjoittaja Väinö Linna
76%
Kaupungissa käytiin ratkaiseva taistelu tämän sodan aikana Sisällissota
75%
Tampereelle vuonna 1820 puuvillatehtaan perustanut skotti James Finlayson
73%
Järvet, joiden varrella kaupunki sijaitsee Pyhäjärvi
73%
Ruotsin kuningas, joka perusti kaupungin vuonna 1779 Kustaa III
64%
Ehtoja vastaavia visoja ei löytynyt
Tulosjakauma
Jokaisen tuloksen saaneiden osuus
Persentiili vastausten määrän mukaan
Tuloshistoriasi
Et ole pelannut tätä visaa